Get a Copy Find a copy in the library History of the rise of the Mohamedan power in India till the year A.D. 1612 (Record no. 21237)
[ view plain ]
| 000 -LEADER | |
|---|---|
| fixed length control field | 00474nam a22001457a 4500 |
| 082 ## - DEWEY DECIMAL CLASSIFICATION NUMBER | |
| Classification number | 954.022 |
| Author Cutter | BRI |
| 100 ## - MAIN ENTRY--AUTHOR NAME | |
| Author name | Firishtah, Muḥammad Qāsim Hindū Shāh Astarābādī |
| 245 ## - TITLE STATEMENT | |
| Title | Get a Copy Find a copy in the library History of the rise of the Mohamedan power in India till the year A.D. 1612 |
| 260 ## - PUBLICATION, DISTRIBUTION, ETC. (IMPRINT) | |
| Place of publication | New Delhi |
| Name of publisher | Adam Publishers |
| Year of publication | 2006. |
| 300 ## - PHYSICAL DESCRIPTION | |
| Number of Pages | 342 |
| 650 ## - SUBJECT ADDED ENTRY--TOPICAL TERM | |
| Topical Term | Islam -- India -- History. |
| 942 ## - ADDED ENTRY ELEMENTS (KOHA) | |
| Koha item type | Books |
| 700 ## - | |
| -- | John Briggs |
| Home library | Current library | Shelving location | Date acquired | Cost, normal purchase price | Full call number | Accession Number | Koha item type |
|---|---|---|---|---|---|---|---|
| Henry Martyn Institute Library | Henry Martyn Institute Library | General stacks | 07/25/2018 | 2400.00 | 954.022 BRI VOL II | 24361 | Books |
